|
|
|
|
| LEADER |
00000nab a2200000 a 4500 |
| 001 |
vtls000743688 |
| 003 |
SK-MaSNL |
| 005 |
20260302193813.0 |
| 008 |
140507c2000 xo 0 slo |
| 015 |
|
|
|a SNBRB2001/01-00696
|
| 035 |
|
|
|a CLN000095525
|
| 040 |
|
|
|a SNKBUCL
|b slo
|c SNKBUCL
|e AACR2
|
| 041 |
0 |
|
|a slo
|
| 044 |
|
|
|a xo
|c SK
|
| 080 |
|
|
|a 301.163.4(100):061.3
|2 1997
|
| 080 |
|
|
|a 339.9(100):061.3
|2 1997
|
| 080 |
|
|
|a 327.39(100):061.3
|2 1997
|
| 100 |
1 |
|
|a Ičo, Tibor
|4 aut
|9 359893
|
| 245 |
1 |
0 |
|a Fórum 2000
|b ako sa na Pražský hrad zmestil celý svet
|c Tibor Ičo
|
| 300 |
|
|
|b Fotogr.
|
| 611 |
1 |
7 |
|a Fórum 2000
|n 4.
|d 2000
|c Praha, Česko
|2 snkbucl
|9 913033
|
| 650 |
0 |
7 |
|a globalizácia
|x konferencie
|x 2000
|2 snkbucl
|9 913034
|
| 655 |
|
7 |
|a články z novín a časopisov
|2 snkbucl
|9 267496
|
| 773 |
0 |
|
|t Kultúrny život
|g Roč. 1, č. 6 (2000), s. 5
|x 1335-6976
|
| 850 |
|
|
|a Slovenská národná knižnica v Martine
|
| 852 |
|
|
|a SNK
|b KIS3GCP
|
| 958 |
|
|
|a CZ
|
| 992 |
|
|
|a RBX
|
| 999 |
|
|
|c 1446003
|d 1447933
|